MARC details
| 000 -CABECERA |
| campo de control de longitud fija |
01658nam a2200277 i 4500 |
| 003 - IDENTIFICADOR DEL NÚMERO DE CONTROL |
| campo de control |
DO-SdBNP |
| 005 - FECHA Y HORA DE LA ÚLTIMA TRANSACCIÓN |
| campo de control |
20230918134346.0 |
| 006 - CÓDIGOS DE INFORMACIÓN DE LONGITUD FIJA--CARACTERÍSTICAS DEL MATERIAL ADICIONAL |
| campo de control de longitud fija |
a||||dr|||| 00| 0 |
| 007 - CAMPO FIJO DE DESCRIPCIÓN FÍSICA--INFORMACIÓN GENERAL |
| campo de control de longitud fija |
ta |
| 008 - DATOS DE LONGITUD FIJA--INFORMACIÓN GENERAL |
| campo de control de longitud fija |
230914e1976 dr a|||| |||| 00| m spa d |
| 040 ## - FUENTE DE LA CATALOGACIÓN |
| Centro catalogador/agencia de origen |
DO-SdBNP |
| Lengua de catalogación |
spa |
| Centro/agencia transcriptor |
BNPHU |
| Normas de descripción |
rda |
| 082 #4 - NÚMERO DE LA CLASIFICACIÓN DECIMAL DEWEY |
| Número de edición |
22 |
| Número de documento/Ítem |
T266e |
| 100 1# - ENTRADA PRINCIPAL--NOMBRE DE PERSONA |
| Nombre de persona |
Tejada Castillo, Ramón, |
| 9 (RLIN) |
37580 |
| Término indicativo de función/relación |
autor |
| 245 10 - MENCIÓN DE TÍTULO |
| Título |
Español: |
| Resto del título |
2.° curso |
| Mención de responsabilidad, etc. |
Ramón Tejada Castillo; ilustraciones, C. Corrindo |
| 246 11 - FORMA VARIANTE DE TÍTULO |
| Título propio/Titulo breve |
Español: |
| Resto del título |
segundo curso. |
| 264 #1 - PRODUCCIÓN, PUBLICACIÓN, DISTRIBUCIÓN, FABRICACIÓN Y COPYRIGHT |
| Producción, publicación, distribución, fabricación y copyright |
Santo Domingo : |
| Nombre del de productor, editor, distribuidor, fabricante |
Disesa, |
| Fecha de producción, publicación, distribución, fabricación o copyright |
1976 |
| 300 ## - DESCRIPCIÓN FÍSICA |
| Extensión |
161 páginas : |
| Otras características físicas |
Ilustraciones ; |
| Dimensiones |
23 cm |
| 336 ## - TIPO DE CONTENIDO |
| Fuente |
rdacontent |
| Término de tipo de contenido |
texto |
| Código de tipo de contenido |
txt |
| 337 ## - TIPO DE MEDIO |
| Fuente |
rdamedia |
| Nombre/término del tipo de medio |
sin mediación |
| Código del tipo de medio |
n |
| 338 ## - TIPO DE SOPORTE |
| Fuente |
rdacarrier |
| Nombre/término del tipo de soporte |
volumen |
| Código del tipo de soporte |
nc |
| 500 ## - NOTA GENERAL |
| Nota general |
De conformidad con los contenidos del Programa de Segundo Curso, Plan de Reforma de 1970, y Segundo Curso, Plan Experimental de Intermedia de 1970, de la Secretaría de Estado de Educación, Bellas Artes y Cultos. |
| 505 0# - NOTA DE CONTENIDO CON FORMATO |
| Nota de contenido con formato |
Gramática. |
| Título |
I. El idioma español.-- II. Es vulgar.-- III. Palabras compuestas, los prefijos y sufijos.-- IV. Vocales y consonantes.-- V. Sílaba, diptongo y triptongo.-- VI. La tilde o acento ortográfico.-- VII. Entonación y pausa.-- VIII. Sustantivo y sustantivación.-- IX. El adjetivo y el artículo.-- X. El pronombre.-- XI. El verbo.-- XII. Accidentes gramaticales del verbo.-- XIII. Los complementos del verbo.-- XIV. El adverbio.-- |
| -- |
XV. Preposición, conjunción e interpretación.-- XVI. La oración gramatical.-- XVII.- Sujeto y predicado.-- XIX. El lenguaje expresivo.-- XX. El verso y la estrofa. |
| 590 ## - NOTA LOCAL (RLIN) |
| Nota local |
Inventariado 2023 / MF |
| 700 1# - PUNTO DE ACCESO ADICIONAL--NOMBRE DE PERSONA |
| Nombre de persona |
Corrindo, C., |
| Término indicativo de función/relación |
ilustrador |
| 9 (RLIN) |
84140 |
| 942 ## - ELEMENTOS DE PUNTO DE ACCESO ADICIONAL (KOHA) |
| Fuente del sistema de clasificación o colocación |
Dewey Decimal Classification |
| Tipo de ítem Koha |
Libro |